000 00329nam a22001457a 4500
008 210511b ||||| |||| 00| 0 eng d
020 _a0471021059
041 _aeng
080 _a311
082 _a311
100 _a54
101 _aSTA
245 _aElementary Statistics An Applied Approach
_cUllman,N.R
942 _2udc
_cBK
999 _c57235
_d57235